| 000 | 00547nam a2200157Ia 4500 | ||
|---|---|---|---|
| 008 | 220214s9999 xx 000 0 und d | ||
| 022 | _a0252-9416 | ||
| 245 | 0 | _aMAUSAM | |
| 247 | _aIndian Journal of Meteorological and geophysics and Indian Journal of meteorology hydrology and geophysics | ||
| 260 |
_bMaterological Department, Government of India, New Delhi _aIndia |
||
| 310 | _aQ | ||
| 500 | _aEnding Volume & Year: 51, | ||
| 500 | _aMissing Volume: 2000;33;35(3);36-43;44(2-3) | ||
| 500 | _aStarting Volume & Year: 32, 1981 | ||
| 942 | _cBJ | ||
| 999 |
_c9116 _d9116 |
||